Statistiken für Tschad-Quiz

Klicken Sie hier um das Quiz zu spielen!

Allgemein

  • Dieses Quiz wurde 1.299 mal gespielt
  • Das Durchschnittsergebnis liegt bei 13 aus 18

Antwortstatistiken

FrageAntwort% Korrekt
Sandwüste, die den nördlichen Drittel Tschads bedecktSahara
96%
NachbarlandNiger
92%
NachbarlandSudan
92%
Europäisches Land, dessen Flagge der von Tschad beinahe identisch aussieht:
Rumänien
91%
NachbarlandLibyen
89%
Hinter Kasachstan und Mongolei ist Tschad weltweit das drittgrößte Land ohne Zugang zum...Meer
89%
NachbarlandNigeria
87%
NachbarlandZentralafrikanische Republik
84%
AmtssprachenFranzösisch
81%
NachbarlandKamerun
74%
96% von Tschads ExportgüternErdöl
67%
AmtssprachenArabisch
65%
Hauptstadt von TschadN'djamena
63%
Frucht, die auf Palmen in Oasen der obigen Wüste wächstDattel
58%
39% der Frauen in Tschad leben in dieser EheformPolygamie
53%
Wichtigster Sektor der Wirtschaft TschadsLandwirtschaft
51%
Das Land Tschad ist nach eines dieser Ökosysteme benanntSee
24%
Ein Drittel der Bevölkerung gehört dieser Ethnie an (auch ein verbreiteter deutscher Frauenname)Sara
20%

Verteilung der Resultate

Perzentil nach korrekt beantworteten Fragen

Anzahl Personen mit jedem Resultat

Ihre Resultats-Entwicklung

Sie haben dieses Quiz noch nicht gespielt